Las obras del amor: meditaciones cristianas en forma de discursos
محفوظ في:
| التنسيق: | كتاب |
|---|---|
| اللغة: | الإسبانية |
| منشور في: |
Madrid
Guadarrama
1965
|
| الطبعة: | 1a. ed |
| سلاسل: | Obras y Papeles de Kierkegaard, 4
|
| الموضوعات: | |
| الوسوم: |
إضافة وسم
لا توجد وسوم, كن أول من يضع وسما على هذه التسجيلة!
|
MARC
| LEADER | 00000cam a2200000 a 4500 | ||
|---|---|---|---|
| 001 | UCZ2136 | ||
| 003 | CL-VaPUC | ||
| 008 | 950926e19650000SP |||||||||||||||||spa|d | ||
| 082 | 0 | 4 | |a 142.7 |b KIE |2 21 |
| 245 | 1 | 4 | |a Las obras del amor: meditaciones cristianas en forma de discursos |
| 250 | |a 1a. ed | ||
| 300 | |a 2 v | ||
| 942 | |c BK | ||
| 945 | |d 19950926 00:00:00 |a cmena | ||
| 260 | |a Madrid |b Guadarrama |c 1965 | ||
| 650 | 0 | |a Filosofía |9 223554 | |
| 650 | 0 | |a Existencialismo |9 265698 | |
| 650 | 0 | |a Teología |9 258766 | |
| 650 | 0 | |a Amor |9 257817 | |
| 490 | 0 | |a Obras y Papeles de Kierkegaard, 4 | |
| 999 | |c 238783 |d 238781 | ||
| 583 | |k Rodrigo Vera | ||
| 952 | |0 0 |1 0 |4 0 |6 142_700000000000000_KIE_1965 |7 0 |8 A |9 249275 |a BIBEDU |b BIBEDU |d 2019-11-18 |h v.1 |i 1564803 |o 142.7 KIE 1965 |p 1564803 |r 2019-11-18 |w 2019-11-18 |y BK |k FIL | ||
| 952 | |0 0 |1 0 |4 0 |6 142_700000000000000_KIE_1965 |7 0 |8 A |9 249276 |a BIBEDU |b BIBEDU |d 2019-11-18 |h v.2 |i 1564811 |l 1 |m 1 |o 142.7 KIE 1965 |p 1564811 |r 2025-04-16 |s 2025-04-02 |w 2019-11-18 |y BK |k FIL | ||
| 952 | |0 0 |1 0 |3 erb |4 0 |6 142_700000000000000_KIE_1965 |7 0 |8 A |9 249277 |a BIBEDU |b BIBEDU |h v.1 |i 538947K |l 1 |o 142.7 KIE 1965 |p 538947K |r 2024-10-01 |s 2024-09-30 |w 2019-11-18 |y BK |z Catalogado en:20170422 |k FIL | ||
| 952 | |0 0 |1 0 |3 erb |4 0 |6 142_700000000000000_KIE_1965 |7 0 |8 A |9 249278 |a BIBEDU |b BIBEDU |h v.2 |i 5389488 |o 142.7 KIE 1965 |p 5389488 |r 2019-11-18 |w 2019-11-18 |y BK |z Catalogado en:20170422 |k FIL | ||